<?xml version="1.0" encoding="UTF-8"?>
<record
    xmlns:xsi="http://www.w3.org/2001/XMLSchema-instance"
    xsi:schemaLocation="http://www.loc.gov/MARC21/slim http://www.loc.gov/standards/marcxml/schema/MARC21slim.xsd"
    xmlns="http://www.loc.gov/MARC21/slim">

  <leader>02208nam0a2200397   4500</leader>
  <controlfield tag="001">RU\NLR\bibl\1663892</controlfield>
  <controlfield tag="005">20260406160914.0</controlfield>
  <datafield tag="010" ind1=" " ind2=" ">
    <subfield code="a">978-5-902490-06-7</subfield>
  </datafield>
  <datafield tag="021" ind1=" " ind2=" ">
    <subfield code="a">RU</subfield>
    <subfield code="b">2010-51954</subfield>
    <subfield code="9">3423</subfield>
  </datafield>
  <datafield tag="035" ind1=" " ind2=" ">
    <subfield code="a">(nilc)RSL-KNO-004704182</subfield>
  </datafield>
  <datafield tag="035" ind1=" " ind2=" ">
    <subfield code="a">(NLR Aleph) 001655173</subfield>
  </datafield>
  <datafield tag="090" ind1=" " ind2=" ">
    <subfield code="a">946689</subfield>
    <subfield code="c">946689</subfield>
  </datafield>
  <datafield tag="100" ind1=" " ind2=" ">
    <subfield code="a">20100705d2010    |||y0rusy50      ca</subfield>
  </datafield>
  <datafield tag="101" ind1="1" ind2=" ">
    <subfield code="a">rus</subfield>
    <subfield code="c">ger</subfield>
  </datafield>
  <datafield tag="102" ind1=" " ind2=" ">
    <subfield code="a">RU</subfield>
  </datafield>
  <datafield tag="105" ind1=" " ind2=" ">
    <subfield code="a">a   |||||||||</subfield>
  </datafield>
  <datafield tag="200" ind1="1" ind2=" ">
    <subfield code="a">&#x410;&#x43D;&#x442;&#x440;&#x43E;&#x43F;&#x43E;&#x441;&#x43E;&#x444;&#x438;&#x44F; &#x43A;&#x430;&#x43A; &#x43A;&#x43E;&#x441;&#x43C;&#x43E;&#x441;&#x43E;&#x444;&#x438;&#x44F;</subfield>
    <subfield code="e">&#x434;&#x432;&#x430;&#x434;&#x446;&#x430;&#x442;&#x44C; &#x434;&#x432;&#x435; &#x43B;&#x435;&#x43A;&#x446;&#x438;&#x438; &#x435;&#x434;&#x438;&#x43D;&#x43E;&#x433;&#x43E; &#x43A;&#x443;&#x440;&#x441;&#x430;, &#x414;&#x43E;&#x440;&#x43D;&#x430;&#x445;, 23 &#x441;&#x435;&#x43D;&#x442;&#x44F;&#x431;&#x440;&#x44F; - 13 &#x43D;&#x43E;&#x44F;&#x431;&#x440;&#x44F; 1921 &#x433;&#x43E;&#x434;&#x430;</subfield>
    <subfield code="e">[&#x441;&#x431;&#x43E;&#x440;&#x43D;&#x438;&#x43A;]</subfield>
    <subfield code="f">&#x420;&#x443;&#x434;&#x43E;&#x43B;&#x44C;&#x444; &#x428;&#x442;&#x430;&#x439;&#x43D;&#x435;&#x440;</subfield>
    <subfield code="g">&#x43F;&#x435;&#x440;. &#x441; &#x43D;&#x435;&#x43C;. &#x41B;. &#x411;. &#x41F;&#x430;&#x43C;&#x444;&#x438;&#x43B;&#x43E;&#x432;&#x43E;&#x439;</subfield>
  </datafield>
  <datafield tag="210" ind1=" " ind2=" ">
    <subfield code="a">&#x41C;&#x43E;&#x441;&#x43A;&#x432;&#x430;</subfield>
    <subfield code="c">&#x422;&#x438;&#x442;&#x443;&#x440;&#x435;&#x43B;&#x44C;</subfield>
    <subfield code="a">&#x421;&#x430;&#x43D;&#x43A;&#x442;-&#x41F;&#x435;&#x442;&#x435;&#x440;&#x431;&#x443;&#x440;&#x433;</subfield>
    <subfield code="c">&#x414;&#x435;&#x43C;&#x435;&#x442;&#x440;&#x430;</subfield>
    <subfield code="d">2010</subfield>
  </datafield>
  <datafield tag="215" ind1=" " ind2=" ">
    <subfield code="a">373, [8] &#x441;.</subfield>
    <subfield code="c">&#x438;&#x43B;.</subfield>
    <subfield code="d">22</subfield>
  </datafield>
  <datafield tag="225" ind1="1" ind2=" ">
    <subfield code="a">&#x41F;&#x43E;&#x43B;&#x43D;&#x43E;&#x435; &#x441;&#x43E;&#x431;&#x440;&#x430;&#x43D;&#x438;&#x435; &#x442;&#x440;&#x443;&#x434;&#x43E;&#x432;</subfield>
    <subfield code="v">&#x422;. 207-208</subfield>
  </datafield>
  <datafield tag="327" ind1="1" ind2=" ">
    <subfield code="a">&#x421;&#x43E;&#x434;&#x435;&#x440;&#x436;.: &#x425;&#x430;&#x440;&#x430;&#x43A;&#x442;&#x435;&#x440;&#x43D;&#x44B;&#x435; &#x447;&#x435;&#x440;&#x442;&#x44B; &#x447;&#x435;&#x43B;&#x43E;&#x432;&#x435;&#x43A;&#x430; &#x432; &#x437;&#x435;&#x43C;&#x43D;&#x43E;&#x439; &#x438; &#x43A;&#x43E;&#x441;&#x43C;&#x438;&#x447;&#x435;&#x441;&#x43A;&#x43E;&#x439; &#x441;&#x444;&#x435;&#x440;&#x430;&#x445;; &#x424;&#x43E;&#x440;&#x43C;&#x438;&#x440;&#x43E;&#x432;&#x430;&#x43D;&#x438;&#x435; &#x447;&#x435;&#x43B;&#x43E;&#x432;&#x435;&#x43A;&#x430; &#x43A;&#x430;&#x43A; &#x440;&#x435;&#x437;&#x443;&#x43B;&#x44C;&#x442;&#x430;&#x442; &#x43A;&#x43E;&#x441;&#x43C;&#x438;&#x447;&#x435;&#x441;&#x43A;&#x438;&#x445; &#x432;&#x43E;&#x437;&#x434;&#x435;&#x439;&#x441;&#x442;&#x432;&#x438;&#x439;</subfield>
  </datafield>
  <datafield tag="455" ind1=" " ind2="1">
    <subfield code="1">010$a3-7274-2070-7</subfield>
    <subfield code="1">2000#$aAntroposophie als Kosmosophie. Erster Teil</subfield>
    <subfield code="1">210##$aDornach$cRudolf Steiner$d1990</subfield>
    <subfield code="1">700#0$aSteiner, Rudolf</subfield>
    <subfield code="t">Antroposophie als Kosmosophie. Erster Teil</subfield>
    <subfield code="a">Steiner, Rudolf</subfield>
  </datafield>
  <datafield tag="455" ind1=" " ind2="1">
    <subfield code="1">010$a3-7274-2080-7</subfield>
    <subfield code="1">2000#$aAntroposophie als Kosmosophie. ZweiterTeil</subfield>
    <subfield code="1">210##$aDornach$cRudolf Steiner$d1992</subfield>
    <subfield code="1">700#0$aSteiner, Rudolf</subfield>
    <subfield code="t">Antroposophie als Kosmosophie. ZweiterTeil</subfield>
    <subfield code="a">Steiner, Rudolf</subfield>
  </datafield>
  <datafield tag="606" ind1="1" ind2=" ">
    <subfield code="a">&#x410;&#x43D;&#x442;&#x440;&#x43E;&#x43F;&#x43E;&#x441;&#x43E;&#x444;&#x438;&#x44F;</subfield>
    <subfield code="9">994416</subfield>
    <subfield code="3">RU\NLR\auth\6658306</subfield>
  </datafield>
  <datafield tag="686" ind1=" " ind2=" ">
    <subfield code="a">&#x42E;3(4&#x428;)6-676&#x428;&#x442;&#x430;&#x439;&#x43D;&#x435;&#x440; &#x420;.-00</subfield>
    <subfield code="2">rubbk</subfield>
  </datafield>
  <datafield tag="686" ind1=" " ind2=" ">
    <subfield code="a">&#x42D;391.4,0</subfield>
    <subfield code="2">rubbk</subfield>
  </datafield>
  <datafield tag="686" ind1=" " ind2=" ">
    <subfield code="a">&#x42D;391.7</subfield>
  </datafield>
  <datafield tag="686" ind1=" " ind2=" ">
    <subfield code="a">&#x42E;3(4&#x428;)6-676</subfield>
  </datafield>
  <datafield tag="700" ind1=" " ind2="1">
    <subfield code="4">070</subfield>
    <subfield code="8">rus</subfield>
    <subfield code="7">ca</subfield>
    <subfield code="a">&#x428;&#x442;&#x430;&#x439;&#x43D;&#x435;&#x440;</subfield>
    <subfield code="b">&#x420;.</subfield>
    <subfield code="f">1861-1925</subfield>
    <subfield code="g">&#x420;&#x443;&#x434;&#x43E;&#x43B;&#x44C;&#x444;</subfield>
    <subfield code="3">RU\NLR\auth\778571</subfield>
    <subfield code="9">118473</subfield>
  </datafield>
  <datafield tag="801" ind1=" " ind2="0">
    <subfield code="a">RU</subfield>
    <subfield code="b">&#x420;&#x413;&#x411;</subfield>
    <subfield code="c">20100705</subfield>
    <subfield code="g">rcr</subfield>
  </datafield>
  <datafield tag="801" ind1=" " ind2="1">
    <subfield code="a">RU</subfield>
    <subfield code="b">&#x420;&#x413;&#x411;</subfield>
    <subfield code="c">20100705</subfield>
  </datafield>
  <datafield tag="801" ind1=" " ind2="2">
    <subfield code="a">RU</subfield>
    <subfield code="b">NLR</subfield>
    <subfield code="c">20100318</subfield>
    <subfield code="g">rcr</subfield>
  </datafield>
  <datafield tag="942" ind1=" " ind2=" ">
    <subfield code="c">BOOK</subfield>
  </datafield>
  <datafield tag="980" ind1=" " ind2=" ">
    <subfield code="a">NB</subfield>
  </datafield>
  <datafield tag="995" ind1=" " ind2=" ">
    <subfield code="5">2010-08-15</subfield>
    <subfield code="a">ad</subfield>
    <subfield code="b">NLR01</subfield>
    <subfield code="c">NLR01</subfield>
    <subfield code="e">RF8</subfield>
    <subfield code="f">1-1016998</subfield>
    <subfield code="k">2010-5/7090</subfield>
    <subfield code="o">0</subfield>
    <subfield code="r">BOOK</subfield>
    <subfield code="s">201057090_</subfield>
  </datafield>
  <datafield tag="995" ind1=" " ind2=" ">
    <subfield code="5">2010-08-15</subfield>
    <subfield code="a">ad</subfield>
    <subfield code="b">NLR01</subfield>
    <subfield code="c">NLR01</subfield>
    <subfield code="e">RF8</subfield>
    <subfield code="f">3229163</subfield>
    <subfield code="k">2010-5/7090</subfield>
    <subfield code="o">0</subfield>
    <subfield code="r">BOOK</subfield>
    <subfield code="s">201057090_</subfield>
  </datafield>
  <datafield tag="995" ind1=" " ind2=" ">
    <subfield code="5">2010-10-21</subfield>
    <subfield code="a">aa</subfield>
    <subfield code="b">NLR02</subfield>
    <subfield code="c">NLR02</subfield>
    <subfield code="e">UCHZ</subfield>
    <subfield code="f">1-145068</subfield>
    <subfield code="k">&#x423;  &#x42D;391/&#x428;-871</subfield>
    <subfield code="o">0</subfield>
    <subfield code="p">382.00</subfield>
    <subfield code="r">BOOK</subfield>
    <subfield code="s">_391871</subfield>
  </datafield>
</record>
